Phong tục thế giới : Tín ngưỡng tôn giáo
Phong tục tập quán Việt Nam và Thế giới chia làm 2 phần: Phần 1 viết về phong tục tập quán Việt Nam; Phần 2 viết về những phong tục tập quán của các nước trên Thế giới. Qua 2 phần của bộ sách, với hơn 300 đề mục lớn nhỏ, bằng phương...
Guardado en:
| Formato: | Libro |
|---|---|
| Lenguaje: | Undetermined |
| Publicado: |
Hà Nội
Văn hóa Thông tin
2007
|
| Materias: | |
| Etiquetas: |
Agregar Etiqueta
Sin Etiquetas, Sea el primero en etiquetar este registro!
|
| Thư viện lưu trữ: | Trung tâm Học liệu Trường Đại học Cần Thơ |
|---|
| LEADER | 01212nam a2200205Ia 4500 | ||
|---|---|---|---|
| 001 | CTU_126711 | ||
| 008 | 210402s9999 xx 000 0 und d | ||
| 020 | |c 20000 | ||
| 082 | |a 394 | ||
| 082 | |b Ph431 | ||
| 245 | 0 | |a Phong tục thế giới : | |
| 245 | 0 | |b Tín ngưỡng tôn giáo | |
| 245 | 0 | |c Thanh Liêm biên soạn | |
| 260 | |a Hà Nội | ||
| 260 | |b Văn hóa Thông tin | ||
| 260 | |c 2007 | ||
| 520 | |a Phong tục tập quán Việt Nam và Thế giới chia làm 2 phần: Phần 1 viết về phong tục tập quán Việt Nam; Phần 2 viết về những phong tục tập quán của các nước trên Thế giới. Qua 2 phần của bộ sách, với hơn 300 đề mục lớn nhỏ, bằng phương pháp khảo luận khách quan, tác giả đã vẽ lên những bản sắc riêng biệt, tinh tế, phong phú, nhiều vẻ của xã hội Việt Nam cổ truyền cũng như những phong tục khác lạ của các nước khác trên Thế giới. | ||
| 650 | |a Folklore | ||
| 904 | |i Nguyên | ||
| 980 | |a Trung tâm Học liệu Trường Đại học Cần Thơ | ||